Off-site manufacture (Record no. 73669)

MARC details
000 -LEADER
fixed length control field 00839cam a2200193 4500
001 - CONTROL NUMBER
control field ABS67122
008 - FIXED-LENGTH DATA ELEMENTS--GENERAL INFORMATION
fixed length control field 031028n2003 000 0 eng u
035 ## - SYSTEM CONTROL NUMBER
System control number (Sirsi) u124107
100 ## - MAIN ENTRY--PERSONAL NAME
Personal name Bowler, K.
245 ## - TITLE STATEMENT
Title Off-site manufacture
260 ## - PUBLICATION, DISTRIBUTION, ETC.
Date of publication, distribution, etc. 2003
490 ## - SERIES STATEMENT
Series statement Construction News
Volume/sequential designation (6834) 18 September 2003, 54-55(2)
520 ## - SUMMARY, ETC.
Summary, etc. Briefly looks at the role of off-site manufacture, its advantages and drawbacks. Benefits include reductions in waste and time-wasting, whilst disadvantages include lack of choice and the negative image of prefabricated buildings. Concludes that only when demand increases can economies of scale be achieved and off-site manufacture be viable.
590 ## - LOCAL NOTE (RLIN)
Local note ABS
650 ## - SUBJECT ADDED ENTRY--TOPICAL TERM
Topical term or geographic name entry element OFF-SITE MANUFACTURING
650 ## - SUBJECT ADDED ENTRY--TOPICAL TERM
Topical term or geographic name entry element PREFABRICATION
690 ## - LOCAL SUBJECT ADDED ENTRY--TOPICAL TERM (OCLC, RLIN)
Topical term or geographic name as entry element BUILT ENVIRONMENT-CONSTRUCTION DESIGN
942 ## - ADDED ENTRY ELEMENTS (KOHA)
Suppress in OPAC 0
Holdings
Withdrawn status Lost status Source of classification or shelving scheme Damaged status Not for loan Home library Current library Shelving location Date acquired Total Checkouts Full call number Barcode Date last seen Copy number Price effective from Koha item type
    Dewey Decimal Classification     London London Journal article 28/10/2003   ABS67122 124107-1001 06/08/2019 1 06/08/2019 Journal article